000 00885nam a2200229Ii 4500
003 JO-AjNU
008 230605s9999||||xx |||||||||||||| ||und||
017 _a2007/5222
020 _a9948-03-242-X
040 _aJO-AjNU
_bara
_erda
_cJO-AjNU
041 _aara
050 1 4 _aBP166.85 2007
100 3 _aالجوهري، أحمد عبد الكريم,
_eauthor
_946082
245 0 0 _aالنقش العجيب: موسى عليه السلام والمسيح الدجال في أغرب وأعجب قطعة أثرية والموجودة في دولة الإمارات العربية المتحدة
250 _aط2
264 3 1 _aد.م: المؤلف، 2007
300 _a169ص
336 _atext
_btxt
_2rdacontent
337 _aunmediated
_bn
_2rdamedia
338 _avolume
_bnc
_2rdacarrier
650 4 _aالاخرة- المسيح الدجال- موسى عليه السلام
_946083
999 _aA20022
_c23590
_d23590